|
|
|
|
| LEADER |
00000nam a2200000 a 4500 |
| 001 |
vtls008852027 |
| 003 |
SK-MaSNL |
| 005 |
20260301044455.0 |
| 008 |
061004s2006 xxuo g e 001 0deng |
| 020 |
|
|
|a 0761930299 (cloth)
|
| 040 |
|
|
|a SNK
|b slo
|c SNK
|e AACR2
|
| 041 |
0 |
|
|a eng
|
| 044 |
|
|
|a us
|c US
|
| 072 |
|
7 |
|a 572
|x Antropológia
|2 konspekt
|
| 080 |
|
|
|a 572
|2 2001
|
| 080 |
|
|
|a (031)
|2 2001
|
| 245 |
0 |
0 |
|a Encyclopedia of anthropology
|c H. James Birx, editor
|n [Volume] 3, [F-K]
|
| 260 |
|
|
|a Thousand Oaks
|b Sage Publications
|c c2006
|
| 300 |
|
|
|a xxixi, S. 941-1394, 96 s. text. príl.
|b fotogr., ilustr.
|c 29 cm
|
| 500 |
|
|
|a A Sage Reference Publication
|
| 650 |
0 |
7 |
|a antropológia
|2 SNKPH
|9 717
|
| 650 |
0 |
7 |
|a Anthropology
|2 SNKPHeng
|9 266558
|
| 655 |
|
7 |
|a encyklopédie
|2 SNKPH
|9 28776
|
| 655 |
|
7 |
|a Encyclopedias
|2 SNKPHeng
|9 90422
|
| 700 |
1 |
|
|a Birx, H. James
|4 edt
|9 350940
|
| 919 |
|
|
|a 0-7619-3029-9
|
| 999 |
|
|
|c 596090
|d 598020
|
| 952 |
|
|
|t snkBIR/3 572(031)
|a SNKUST
|b SNKUST
|y PREZ
|7 0
|p 17A0522838
|o snkIB 71254/3
|i snk2006/19875
|8 3
|g 214.00
|0 0
|1 0
|4 0
|d 2006-10-04
|l 0
|r 2025-03-19 00:00:00
|w 2026-02-23
|